000 01816nam a2200193 4500
999 _c512863
_d512863
008 191224b ||||| |||| 00| 0 eng d
100 _aSapat, Alka
_914839
245 _aUnderstanding collaboration in disaster assistance networks: Organizational homophily or resource dependency?
260 _bAmerican Review of Public Administration
300 _a49(8), Nov, 2019: p.957-972.
520 _aGreater collaboration among nongovernmental organizations (NGOs) after disasters is important in helping them deliver services, share information, and avoid resource duplication. Following a disaster, numerous NGOs, including a large number of faith-based NGOs, typically offer disaster assistance. But to what extent do these NGOs providing disaster assistance collaborate with each other? Does organizational homophily prevail? Or is the need to acquire resources an incentive for collaboration? Are collaborations characterized by relationships of dependency? To answer these questions, we analyze collaboration between international NGOs, local NGOs, faith-based organizations, and other organizations providing disaster assistance in Haiti in the 3-year period following the 2010 earthquake. Data on these organizations and their networks were analyzed using social network analysis methods. The major findings are that most organizations collaborate within sectoral boundaries and that homophily is one of the main drivers of collaboration, illuminating power relationships in disaster assistance networks. - Reproduced.
650 _aDisaster relief
_914840
650 _aNon governmental organisations
_914841
700 _aEsnard, Ann-Margaret
_914842
700 _aKolpakov, Aleksey
_914843
773 _aAmerican Review of Public Administration
906 _aDisaster management
942 _2ddc
_cAR